<?xml version="1.0" encoding="UTF-8"?><?xml-stylesheet type="text/xsl" href="static/style.xsl"?><OAI-PMH xmlns="http://www.openarchives.org/OAI/2.0/" xmlns:xsi="http://www.w3.org/2001/XMLSchema-instance" xsi:schemaLocation="http://www.openarchives.org/OAI/2.0/ http://www.openarchives.org/OAI/2.0/OAI-PMH.xsd"><responseDate>2026-06-05T13:01:02Z</responseDate><request verb="GetRecord" identifier="oai:riuma.uma.es:10630/40202" metadataPrefix="marc">https://riuma.uma.es/rest/oai/request</request><GetRecord><record><header><identifier>oai:riuma.uma.es:10630/40202</identifier><datestamp>2026-02-03T11:29:41Z</datestamp><setSpec>com_10630_2254</setSpec><setSpec>col_10630_37953</setSpec></header><metadata><record xmlns="http://www.loc.gov/MARC21/slim" xmlns:dcterms="http://purl.org/dc/terms/" xmlns:doc="http://www.lyncode.com/xoai" xmlns:xsi="http://www.w3.org/2001/XMLSchema-instance" xsi:schemaLocation="http://www.loc.gov/MARC21/slim http://www.loc.gov/standards/marcxml/schema/MARC21slim.xsd">
   <leader>00925njm 22002777a 4500</leader>
   <datafield ind2=" " ind1=" " tag="042">
      <subfield code="a">dc</subfield>
   </datafield>
   <datafield ind2=" " ind1=" " tag="720">
      <subfield code="a">Ramírez-Pérez, Laura</subfield>
      <subfield code="e">author</subfield>
   </datafield>
   <datafield ind2=" " ind1=" " tag="720">
      <subfield code="a">Su, Eric Yung-Sheng</subfield>
      <subfield code="e">author</subfield>
   </datafield>
   <datafield ind2=" " ind1=" " tag="720">
      <subfield code="a">Cuesta-Vargas, Antonio</subfield>
      <subfield code="e">author</subfield>
   </datafield>
   <datafield ind2=" " ind1=" " tag="720">
      <subfield code="a">Kerr, Graham K.</subfield>
      <subfield code="e">author</subfield>
   </datafield>
   <datafield ind2=" " ind1=" " tag="260">
      <subfield code="c">2025</subfield>
   </datafield>
   <datafield ind2=" " ind1=" " tag="520">
      <subfield code="a">The assessment of shoulder stability is a great challenge in sports medicine. There is a lack of objective tools to assess functional shoulder stability in sports with high demands on the upper limb. This cross-sectional study recruited twenty healthy adults to analyze the use of a force platform in a push-up analysis as a valid tool for estimating glenohumeral stability. For this purpose, the subjects performed one strength task based on a maximum lateral abduction against a dynamometer. They also performed three variations of a push-up task on force plates with movements recorded by a 3D motion capture system. The results showed that healthy adults present similar movement patterns during push-ups, without differences in terms of stability between sexes, although males showed greater values in lateral abduction strength (left: 63.2 vs. 36.8; p &lt; 0.001; right: 64.2 vs. 38.9; p &lt; 0.001) and ground reaction force peak in the three push-up tasks (p &lt; 0.005). Moreover, four prediction models were developed based on the use of force plate data to estimate kinematics concerning humerus acceleration (p &lt; 0.001). In conclusion, this research demonstrated that force plates are a valid tool for upper-limb assessment with significant correlations with dynamometer and 3D motion capture measures.</subfield>
   </datafield>
   <datafield ind1="8" ind2=" " tag="024">
      <subfield code="a">Ramírez-Pérez L, Su EY-S, Cuesta-Vargas AI, Kerr GK. In Vivo (In)Stability Shoulder Assessment in Healthy Active Adults Using Force Plates and a Motion Capture System: A Cross-Sectional Study. Sensors. 2025;25(17):5333. doi:10.3390/s25175333</subfield>
   </datafield>
   <datafield ind1="8" ind2=" " tag="024">
      <subfield code="a">https://hdl.handle.net/10630/40202</subfield>
   </datafield>
   <datafield ind1="8" ind2=" " tag="024">
      <subfield code="a">10.3390/s25175333</subfield>
   </datafield>
   <datafield tag="653" ind2=" " ind1=" ">
      <subfield code="a">Hombros - Heridas y lesiones</subfield>
   </datafield>
   <datafield ind2="0" ind1="0" tag="245">
      <subfield code="a">In Vivo (In)Stability Shoulder Assessment in Healthy Active Adults Using Force Plates and a Motion Capture System: A Cross-Sectional Study</subfield>
   </datafield>
</record>
</metadata></record></GetRecord></OAI-PMH>